LEADER 01123nam a2200289 i 4500 001 000000108982 003 CaOOAMICUS 005 20021021000000.0 008 021021s1997 it u000 u ita u 013 $a81662 020 $a88-7767-216-1 040 $aSeMil$bita 100 1 $aDoni, Rodolfo,$d<1919-2011>.$0(OLS)http://semarc/name/8258 245 10$aDialogo sull'Aldilà con il figlio Lorenzo /$cRodolfo Doni. 260 $aFirenze :$bGiunti,$ccopyr. 1997. 300 $a152 p. ;$c22 cm. 490 0 $aCamunia 500 $aIn preliminari : Dedica autografa dell'Autore. - Fondo Card. C.M. Martini. 650 4$aAldilà.$0(OLS)http://semarc/subject/8152 830 0$aCamunia.$0(OLS)http://semarc/title/10163 850 $aSeMil 852 $aSeMil$W1$xVenegono$y1$m1C VI 4$j65016$B65016$CSeMilBibl$Z2$F86848 $81 941 1 $a4 961 $aOmaggio: Martini Card. Carlo Maria 996 $6020$a88-7767-216-1$9(OLS)http://semarc/number/90145 996 $6245$aDialogo sull'Aldilà con il figlio Lorenzo$9(OLS)http://semarc/title/158129 996 $6260$aFirenze :$bGiunti$9(OLS)http://semarc/publisher/30127 LEADER 01362nam a2200229 i 4500 001 000000014681 003 CaOOAMICUS 005 20180830125442.0 008 180830s1948 fr u000 u und u 040 $aSeMil$bita 100 1 $aOrtegat, Paul .$0(OLS)http://semarc/name/6880 245 10$aPhilosophie de la religion :$bsynthèse critique des systèmes contemporains en fonction d'un réalisme personnaliste et communautaire /$cPaul Ortegat. 260 $aParis :$bLibrairie Philosophique J. Vrin,$c1948. 260 $aLouvain :$bÉditions de l'Institut Supérieur de Philosophie,$c1948. 300 $a2 v. ;$c24 cm. 650 4$aFilosofia della religione.$0(OLS)http://semarc/subject/504 773 0 $tBibliothèque philosophique de Louvain.$dLouvain : Éditions de l'Institut Supérieur de Philosophie, 1947.$w()13838 774 0 $t1.$kBibliothèque philosophique de Louvain$gTome1$w()144888 774 0 $t2.$kBibliothèque philosophique de Louvain$gTome2$w()144889 996 $6245$aPhilosophie de la religion :$bsynthèse critique des systèmes contemporains en fonction d'un réalisme personnaliste et communautaire$9(OLS)http://semarc/title/19468 996 $6260$aLouvain :$bÉditions de l'Institut Supérieur de Philosophie$9(OLS)http://semarc/publisher/30149 996 $6260$aParis :$bLibrairie Philosophique J. Vrin$9(OLS)http://semarc/publisher/30022